Clasificación de intervenciones de enfermería (NIC) / (Registro nro. 21828)
[ vista simple ]
| 000 -LEADER | |
|---|---|
| fixed length control field | 01942nam a22002777a 4500 |
| 001 - CONTROL NUMBER | |
| control field | 021643 |
| 003 - CONTROL NUMBER IDENTIFIER | |
| control field | DO-CoUTE |
| 005 - DATE AND TIME OF LATEST TRANSACTION | |
| control field | 20260204212650.0 |
| 008 - FIXED-LENGTH DATA ELEMENTS--GENERAL INFORMATION | |
| fixed length control field | 220812b dr ||||| |||| 00| 0 spa d |
| 020 ## - INTERNATIONAL STANDARD BOOK NUMBER | |
| International Standard Book Number | 978-0-323-49770-1 |
| 040 ## - CATALOGING SOURCE | |
| Original cataloging agency | DO-CoUTE |
| Language of cataloging | spa |
| Transcribing agency | DO-CoUTE |
| 082 ## - DEWEY DECIMAL CLASSIFICATION NUMBER | |
| Edition number | 22 |
| Classification number | 610.73 |
| Item number | B983c 2018 |
| 100 1# - MAIN ENTRY--PERSONAL NAME | |
| Personal name | Butcher, Howard K. |
| Relator term | autor |
| 245 1# - TITLE STATEMENT | |
| Title | Clasificación de intervenciones de enfermería (NIC) / |
| Statement of responsibility, etc. | Howard K. Butcher |
| 250 ## - EDITION STATEMENT | |
| Edition statement | séptima edición |
| 260 ## - PUBLICATION, DISTRIBUTION, ETC. | |
| Place of publication, distribution, etc. | Barcelona, España : |
| Name of publisher, distributor, etc. | Elsevier, |
| Date of publication, distribution, etc. | 2018 |
| 300 ## - PHYSICAL DESCRIPTION | |
| Extent | xxi, 506 páginas : |
| Other physical details | Ilustraciones ; |
| Dimensions | 24cm. |
| 504 ## - BIBLIOGRAPHY, ETC. NOTE | |
| Bibliography, etc. note | Incluye referencias bibliográficas e índice |
| 505 ## - FORMATTED CONTENTS NOTE | |
| Formatted contents note | Primera parte. revisión y uso de la NIC en la practica, la formación y la investigación 1 -- segunda parte. taxonomía de las intervenciones de enfermería 25 -- tercera parte. clasificación 49 -- cuarta parte intervenciones centrales y nivel de formación necesarios para realizar intervenciones de la NIC 469 |
| 520 ## - SUMMARY, ETC. | |
| Summary, etc. | Séptima edición que estandariza y define la base de conocimientos para la práctica, la docencia y la investigación en Enfermería, además expresa la naturaleza de la Enfermería y facilita una apropiada selección y documentación de las intervenciones en Enfermería adaptadas a la era digital.<br/><br/>565 etiquetas de intervenciones basadas en la investigación que cubren un amplio rango y alcance. Cada intervención incluye una definición, una lista de actividades, un historial de publicación y referencias bibliográficas.<br/><br/>Contenido revisado en 95 intervenciones; 15 nuevas intervenciones; capítulo completamente revisado sobre la aplicación de la NIC en docencia, práctica e investigación; actualización de intervenciones básicas de 53 especialidades. |
| 651 #4 - SUBJECT ADDED ENTRY--GEOGRAPHIC NAME | |
| Geographic name | Enfermería |
| 700 1# - ADDED ENTRY--PERSONAL NAME | |
| Personal name | Bulechek, Gloria M. |
| Relator term | autor |
| 700 1# - ADDED ENTRY--PERSONAL NAME | |
| Personal name | Dochterman, Joanne M. |
| Relator term | autor |
| 700 1# - ADDED ENTRY--PERSONAL NAME | |
| Personal name | Wagner, Cheryl M. |
| Relator term | autor |
| 942 ## - ADDED ENTRY ELEMENTS (KOHA) | |
| Source of classification or shelving scheme | Dewey Decimal Classification |
| Koha item type | Libros |
| Withdrawn status | Lost status | Source of classification or shelving scheme | Damaged status | Not for loan | Collection code | Home library | Current library | Shelving location | Date acquired | Inventory number | Total Checkouts | Full call number | Barcode | Date last seen | Copy number | Price effective from | Koha item type |
|---|---|---|---|---|---|---|---|---|---|---|---|---|---|---|---|---|---|
| Dewey Decimal Classification | Colección General | Biblioteca UTECO | Biblioteca UTECO | En Estantería | 08/12/2022 | 021643 | 610.73 B983c 2018 | 021643 | 08/12/2022 | Ej.1 | 08/12/2022 | Libros |
